Statistics for A Quiz About Angels

Click here to take the quiz!

General Stats

  • This quiz has been taken 9,082 times
  • The average score is 13 of 20

Answer Stats

HintAnswer% Correct
Ring of light over an angel's headHalo
96%
Term for an angel who watches over and protects you{Guardian} Angel
95%
Place known as "The City of Angels"Los Angeles
88%
Garden which has been guarded by an angel with a flaming sword since
Adam and Eve were ejected
Garden of Eden
87%
Nickname of infamous Nazi doctor Josef MengeleThe Angel of {Death}
86%
1970s TV show about a trio of foxy crime fighters{Charlie}'s Angels
80%
Infamous motorcycle gang formed in California in 1948{Hells} Angels
78%
Archangels mentioned by name in the BibleMichael
78%
Archangels mentioned by name in the BibleGabriel
76%
Fallen angel whose name means "The Morning Star"Lucifer
70%
Slang term for the drug PCPAngel {Dust}
68%
Church which believes an angel named Moroni delivered its
scripture on golden plates
Latter-Day Saints
64%
Country in which you'd find the city of ArkhangelskRussia
57%
The highest choir of angels, translated as "burning ones"{Seraph}im
54%
Choir of angels which have four faces: lion, ox, human, and eagle{Cherub}im
50%
Nickname of the U.S. Navy's team of aerobatic pilots{Blue} Angels
47%
Person who painted this:
Raphael
45%
Famous quote from the movie "It's a Wonderful Life"Every time a {bell} {rings},
an angel gets its wings
41%
Question supposedly pondered by Medieval scholars such as Thomas AquinasHow many angels
can {dance} on the
head of a pin
33%
1950s song: "Will you be mine? My darling dear, love you all the time"{Earth} Angel
30%

Score Distribution

Percentile by Number Answered

Percent of People with Each Score

Your Score History

You have not taken this quiz